Britain in Africa. (Record no. 6201)

MARC details
000 -LEADER
fixed length control field 00491nam a22001937a 4500
003 - CONTROL NUMBER IDENTIFIER
control field OSt
005 - DATE AND TIME OF LATEST TRANSACTION
control field 20190418135720.0
008 - FIXED-LENGTH DATA ELEMENTS--GENERAL INFORMATION
fixed length control field 190418b xxu||||| |||| 00| 0 eng d
020 ## - INTERNATIONAL STANDARD BOOK NUMBER
International Standard Book Number 9781842779767
040 ## - CATALOGING SOURCE
Transcribing agency DDC
082 ## - DEWEY DECIMAL CLASSIFICATION NUMBER
Classification number 941.6 POR 2008.
100 ## - MAIN ENTRY--PERSONAL NAME
Personal name Portious ,Tom;
9 (RLIN) 12772
245 ## - TITLE STATEMENT
Title Britain in Africa.
260 ## - PUBLICATION, DISTRIBUTION, ETC. (IMPRINT)
Place of publication, distribution, etc. London,
Name of publisher, distributor, etc. ZED books.
Date of publication, distribution, etc. 2008
300 ## - PHYSICAL DESCRIPTION
Extent ix,158p;
Other physical details ill,
Dimensions 20cm.
504 ## - BIBLIOGRAPHY, ETC. NOTE
Bibliography, etc includes notes and<br/>index.
650 ## - SUBJECT ADDED ENTRY--TOPICAL TERM
Topical term or geographic name as entry element Research.
9 (RLIN) 3727
942 ## - ADDED ENTRY ELEMENTS (KOHA)
Source of classification or shelving scheme Dewey Decimal Classification
Koha item type Open Shelf
Holdings
Withdrawn status Lost status Source of classification or shelving scheme Damaged status Not for loan Home library Current library Date acquired Inventory number Total Checkouts Full call number Barcode Date last seen Price effective from Koha item type
    Dewey Decimal Classification     MUST Main Library MUST Main Library 18/04/2019 09/31922   941.6 POR 2008. 2019-0016 18/04/2019 18/04/2019 Open Shelf